Capitals of Texas - Statistics

General Stats
  • This quiz has been taken 32 times
  • The average score is 4 of 12
Answer Stats
Year Capital % Correct
1839-Present Austin
100%
1837-1839 Houston
100%
1772-1824 San Antonio de Béxar
85%
1836 Galveston
50%
1836 Washington
35%
1836 Harrisburg
12%
1835-1836 San Felipe de Austin
12%
1824-1833 Saltillo
4%
1836-1837 Columbia
0%
1729-1772 Los Adaes
0%
1833-1835 Monclova
0%
1836 Velasco
0%
No matching quizzes found
Score Distribution
Percent of People with Each Score
Percentile by Number Answered
Your Score History
You have not taken this quiz